=LDR 00000nam 2200000 4500 =001 INLIS000000000020259 =005 20130612115228 =008 ***********************************Ind** =035 ##$$0010-061300000020259 =041 ##$$a Ind =082 ##$$a 551 =090 ##$$a 551, Mul p =100 ##$$a Mulyo, Agung =245 ##$$a Pengantar ilmu kebumian, pengetahuan geologi untuk pemula, Agung Mulyo =260 ##$$a 2004 $b Bandung =300 ##$$a 196 hlm, ilus, 24 cm =650 ##$$a Geologi =850 ##$$a NBPNMAT =990 ##$$a 0001/BPAP-NTB/20142015